[Event "Berlin-ch Seniors op 39th"]
[Site "Berlin"]
[Date "2023.01.29"]
[Round "6"]
[White "Fitzke, Ulrich"]
[Black "Schellknecht, Joerg"]
[Result "0-1"]
[WhiteElo "1815"]
[BlackElo "1903"]
[PlyCount "134"]
[EventDate "2023.01.24"]
[EventType "swiss"]
[EventRounds "9"]
[EventCountry "GER"]
[SourceTitle "CBM 212 Extra"]
[Source "ChessBase"]
[SourceDate "2023.03.31"]
[SourceVersion "1"]
[SourceVersionDate "2023.03.31"]
[SourceQuality "1"]

1. d4 d5 2. c4 e6 3. Nc3 Nf6 4. e3 a6 5. Nf3 Be7 6. Be2 dxc4 7. Bxc4 b5 8. Bd3 Bb7 9. 0-0 Nbd7 10. b3 0-0 11. Bb2 c5 12. Rc1 cxd4 13. Nxd4 Nc5 14. Bb1 b4 15. Nce2 Rc8 16. Nf4 e5 17. Nh5 exd4 18. Bxd4 Qd5 19. Nf4 Qg5 20. f3 Rfd8 21. Qe2 Ne6 22. Nxe6 fxe6 23. Bd3 Qa5 24. Bc4 Nd5 25. Qb2 Bf8 26. e4 Nc7 27. Be5 Re8 28. Rfd1 Qc5+ 29. Kh1 Qe7 30. Qe2 Kh8 31. Bd6 Qf7 32. Be5 Rcd8 33. Bxc7 Rxd1+ 34. Qxd1 Qxc7 35. Bxe6 Qd6 36. Bc4 Qxd1+ 37. Rxd1 Be7 38. Bd5 Rd8 39. Kg1 Bxd5 40. exd5 Bc5+ 41. Kf1 Kg8 42. Ke2 Kf7 43. f4 Ke7 44. Kf3 Kd6 45. g4 Re8 46. g5 Re3+ 47. Kg4 g6 48. Rd2 Re4 49. Kf3 Rd4 50. Rxd4 Bxd4 51. Ke4 Bb2 52. h4 Bc3 53. f5 gxf5+ 54. Kxf5 Kxd5 55. h5 a5 56. g6 hxg6+ 57. hxg6 Bg7 58. Kf4 Ke6 59. Ke4 Kf6 60. Kd4 Kxg6+ 61. Kc4 Kf5 62. Kb5 Ke4 63. Kxa5 Bf8 64. Ka4 Kd3 65. a3 bxa3 66. b4 Bxb4 67. Kxb4 a2 0-1

[Event "Berlin-ch Seniors op 35th"]
[Site "Berlin"]
[Date "2019.01.31"]
[Round "3"]
[White "Schellknecht, Joerg"]
[Black "Niehaus, Frank"]
[Result "1/2-1/2"]
[WhiteElo "1917"]
[BlackElo "2169"]
[PlyCount "53"]
[EventDate "2019.01.29"]
[EventType "swiss"]
[EventRounds "9"]
[EventCountry "GER"]
[SourceTitle "CBM 189 Extra"]
[Source "ChessBase"]
[SourceDate "2019.05.31"]
[SourceVersion "1"]
[SourceVersionDate "2019.05.31"]
[SourceQuality "1"]

1. e4 e5 2. Nf3 Nc6 3. Bb5 Nge7 4. c3 g6 5. d4 exd4 6. Nxd4 Bg7 7. Be3 0-0 8. 0-0 Nxd4 9. Bxd4 Nc6 10. Bxg7 Kxg7 11. Nd2 d6 12. Bxc6 bxc6 13. Nc4 Ba6 14. Re1 Qf6 15. Ne3 Bc8 16. f3 Re8 17. Qa4 Bd7 18. Rad1 Qe5 19. Qd4 Qxd4 20. Rxd4 a5 21. Kf2 Rab8 22. Rb1 c5 23. Rd2 Be6 24. c4 Rb4 25. b3 Reb8 26. Rdb2 a4 27. Ke2 1/2-1/2

[Event "GER-chB Seniors 29th"]
[Site "Berlin"]
[Date "2017.08.14"]
[Round "7"]
[White "Klein, Reinhard"]
[Black "Schellknecht, Joerg"]
[Result "1-0"]
[WhiteElo "1882"]
[BlackElo "1810"]
[PlyCount "77"]
[EventDate "2017.08.07"]
[EventType "swiss"]
[EventRounds "9"]
[EventCountry "GER"]
[SourceTitle "EXT 2019"]
[Source "ChessBase"]
[SourceDate "2018.10.10"]
[SourceVersion "1"]
[SourceVersionDate "2018.10.10"]
[SourceQuality "1"]

1. d4 d5 2. Nf3 e6 3. c4 Nf6 4. Bg5 Be7 5. e3 Nbd7 6. Nc3 a6 7. c5 c6 8. b4 Ne4 9. Nxe4 dxe4 10. Bxe7 Qxe7 11. Nd2 f5 12. Nc4 0-0 13. Nd6 Nf6 14. a4 b6 15. Bc4 Nd5 16. Qb3 Bd7 17. 0-0 b5 18. axb5 axb5 19. Bxd5 exd5 20. Ra5 Rxa5 21. bxa5 Ra8 22. Ra1 Ra6 23. g3 Qd8 24. Qb4 Kf8 25. Kg2 g6 26. h4 Kg7 27. Kf1 Kf6 28. Ke2 h6 29. Kd2 Ke6 30. Kc2 Qf6 31. Rh1 Qd8 32. Ra1 Qf6 33. Kb3 g5 34. hxg5 hxg5 35. Qe1 f4 36. gxf4 gxf4 37. Qg1 f3 38. Qg8+ Ke7 39. Rh1 1-0

[Event "Berlin-ch Seniors op 32nd"]
[Site "Berlin"]
[Date "2016.02.03"]
[Round "8"]
[White "Tham, Franz"]
[Black "Schellknecht, Joerg"]
[Result "0-1"]
[WhiteElo "1585"]
[BlackElo "1851"]
[PlyCount "144"]
[EventDate "2016.01.26"]
[EventType "swiss"]
[EventRounds "9"]
[EventCountry "GER"]
[SourceTitle "EXT 2019"]
[Source "ChessBase"]
[SourceDate "2018.10.10"]
[SourceVersion "1"]
[SourceVersionDate "2018.10.10"]
[SourceQuality "1"]

1. Nf3 c5 2. d4 e6 3. e3 Nf6 4. c4 cxd4 5. exd4 d5 6. c5 Nc6 7. Qa4 Bd7 8. Bb5 Be7 9. Be3 a6 10. Bxc6 Bxc6 11. Qd1 Qc7 12. 0-0 Nd7 13. Nc3 Rd8 14. g3 e5 15. b4 0-0 16. a4 e4 17. Bf4 Qc8 18. Ne1 Nf6 19. b5 Bd7 20. f3 Bxc5 21. Rc1 Ba3 22. Nxd5 Qa8 23. Nxf6+ gxf6 24. Ra1 Bb4 25. Rb1 Bc3 26. fxe4 Bh3 27. Nc2 Bxf1 28. Qg4+ Kh8 29. Rxf1 Rg8 30. Qh4 Rg6 31. Bc7 Rd7 32. b6 Qe8 33. e5 fxe5 34. Bxe5+ Kg8 35. Rf6 Qe7 36. Rxg6+ fxg6 37. Qf4 Qf7 38. Qxf7+ Kxf7 39. Kf2 Ke6 40. Ke2 Ba5 41. Bc7 Kd5 42. Kd3 Kc6 43. Be5 Kxb6 44. Ne3 Kc6 45. Ke4 b5 46. axb5+ Kxb5 47. d5 Bd2 48. Ng4 Bg5 49. h4 Be7 50. Ne3 Bd6 51. Ng4 Bxe5 52. Nxe5 Rd8 53. Nc6 Re8+ 54. Kd4 Re1 55. Ne5 Rd1+ 56. Ke4 Kc5 57. Nd7+ Kd6 58. Nb6 Re1+ 59. Kd4 Rc1 60. g4 Rd1+ 61. Ke4 Re1+ 62. Kd4 Rh1 63. Nc4+ Ke7 64. d6+ Ke6 65. Kc5 Rc1 66. d7 Kxd7 67. Kb4 Rxc4+ 68. Kxc4 Ke6 69. Kb4 Ke5 70. h5 g5 71. Ka5 Kf4 72. Kxa6 h6 0-1

[Event "Berlin-ch Seniors op 32nd"]
[Site "Berlin"]
[Date "2016.02.01"]
[Round "6"]
[White "Hirr, Rudi"]
[Black "Schellknecht, Joerg"]
[Result "1/2-1/2"]
[WhiteElo "1745"]
[BlackElo "1851"]
[PlyCount "55"]
[EventDate "2016.01.26"]
[EventType "swiss"]
[EventRounds "9"]
[EventCountry "GER"]
[SourceTitle "EXT 2019"]
[Source "ChessBase"]
[SourceDate "2018.10.10"]
[SourceVersion "1"]
[SourceVersionDate "2018.10.10"]
[SourceQuality "1"]

1. Nf3 d5 2. d4 e6 3. c4 Nf6 4. Bg5 Nbd7 5. Nbd2 Be7 6. g3 b6 7. Bg2 Bb7 8. 0-0 0-0 9. Re1 c5 10. e3 Rc8 11. b3 dxc4 12. bxc4 Ne4 13. Bxe7 Qxe7 14. Rc1 Ndf6 15. Nh4 Rfd8 16. Nxe4 Nxe4 17. Qd3 Nf6 18. Bxb7 Qxb7 19. Red1 Rd7 20. Qc2 cxd4 21. Rxd4 Rxd4 22. exd4 g5 23. Ng2 Qe4 24. Qxe4 Nxe4 25. Ne3 Kf8 26. Kg2 Ke7 27. Kf3 Nd6 28. Kg4 1/2-1/2

[Event "Potsdam Christmas 35th"]
[Site "Potsdam"]
[Date "2010.12.29"]
[Round "6.40"]
[White "Schellknecht, Joerg"]
[Black "Engers, Felix"]
[Result "1-0"]
[WhiteElo "1765"]
[BlackElo "1330"]
[PlyCount "23"]
[EventDate "2010.12.27"]
[EventType "swiss"]
[EventRounds "7"]
[EventCountry "GER"]
[SourceTitle "EXT 2022"]
[Source "ChessBase"]
[SourceDate "2021.10.06"]
[SourceVersion "1"]
[SourceVersionDate "2021.10.06"]
[SourceQuality "1"]

1. e4 e5 2. Nf3 d5 3. Nxe5 dxe4 4. d4 exd3 5. Bxd3 Be6 6. 0-0 Bd6 7. Re1 Qf6 8. Bb5+ c6 9. Qxd6 cxb5 10. Nc3 Ne7 11. Ne4 Qf5 12. g4 1-0

[Event "Potsdam Christmas 35th"]
[Site "Potsdam"]
[Date "2010.12.27"]
[Round "1.7"]
[White "Pueschel, Werner"]
[Black "Schellknecht, Joerg"]
[Result "1/2-1/2"]
[WhiteElo "2173"]
[BlackElo "1765"]
[PlyCount "78"]
[EventDate "2010.12.27"]
[EventType "swiss"]
[EventRounds "7"]
[EventCountry "GER"]
[SourceTitle "EXT 2022"]
[Source "ChessBase"]
[SourceDate "2021.10.06"]
[SourceVersion "1"]
[SourceVersionDate "2021.10.06"]
[SourceQuality "1"]

1. e4 c5 2. Nf3 d6 3. Bb5+ Nd7 4. 0-0 Ngf6 5. Re1 a6 6. Bf1 e6 7. Nc3 Be7 8. a4 b6 9. b3 Bb7 10. Bb2 0-0 11. d3 Ne8 12. g3 Bf6 13. Bg2 Qc7 14. Qd2 Ne5 15. Nxe5 Bxe5 16. Rad1 Nf6 17. Bc1 d5 18. exd5 exd5 19. Ne2 d4 20. Bxb7 Qxb7 21. Nf4 Rfe8 22. Ng2 Nd5 23. Bb2 Bf6 24. Rxe8+ Rxe8 25. Re1 Rxe1+ 26. Qxe1 Qe7 27. Kf1 Qxe1+ 28. Kxe1 Kf8 29. Ke2 Be7 30. Ne1 f5 31. Nf3 Bf6 32. Bc1 h6 33. h4 Ke7 34. Bf4 Nxf4+ 35. gxf4 g6 36. Kf1 Ke6 37. Kg2 Kd5 38. Kg3 h5 39. Nd2 b5 1/2-1/2